000 01196nam a22002417a 4500
005 20100729120116.0
010 _aHIN-89883
020 _a8172770650
_c100.00
035 _aHN-62229
037 _bDBAD / PUB
082 _a821
100 _aगुप्त, द्वारका लाल
_924136
245 _aसागर के उस पार:
_cद्वारका लाल गुप्त
_bगीत संग्रह /
246 _aSagar Ke Us Paar (Poems Collection)
_bby Dwarka Lal Gupt
260 _aदिल्ली
_bस्वाति अकादमी
_c2009
270 _a239, गली कुंजस, दरीबाकलां, चांदनी चौक
_bदिल्ली (भारत)
_e110006
_k011-23278761, 9811532102
_mmegh_prakashan@rediffmail.com
300 _a80पृ.
_c22सेमी (सजिल्द)
650 _bहिन्दी कविता
_9697
650 _bHindi Poetry
_9698
700 _92325
942 _2ddc
_cHN
_h821
_mगुप्तद्वा
999 _c38160
_d38160